1575 1749 1163 1248 1720 1565 1989 1911 1406 1532 1321 1464 1055 1877 1507 1682 1472 1011 1056 1904 1752 1140 1088 1431 1271 1820 1295 1040 1397 1611 1045 1986 1723 1152 1257 1555 1524 1749 1746 1106 1142 1611 1209 1789 1569 1509 1693 1131 1491 1195 1339 1757 1445 1476 1685 1209 1508 1266 1471 1323 1454 1654 1326 1562 1068 1565 1507 1271 1827 1143 1330 1340 1172 1556 1660 1683 1711 1260 1121 1853 1580 1597 1740 1039 1617 1078 1536 1786 1024 1351 1220 1799 1371 1967 1882 1681 1238 1548 1146 BCNSPRNW ULIB Ver.6.0+V

เปลี่ยนเป็นภาษาไทย

Change to English
 แสดงรายละเอียดบรรณานุกรม
  กลับหน้าหลัก

Brief Record : Get Marc (ISO 2709) : E-mail record : QR code < ปิดหน้าต่าง
LEADER : 00000nam 2200000uu 4500
001    13399114567
003     ULIB
008    120418s2551||||th 000 0 tha d
020    ^a9789743773631
090    ^aนว.^bs111ว 2551
100 0  ^asnowball
245 00 ^aวุ่นรักสายลับสาว/^csnowball
250    ^aพิมพ์ครั้งที่ 1
260    ^aกรุงเทพฯ :^bz-gire^c2551
300    ^a328 หน้า
710 1  ^az-gire
945    ^p230^l0^i15776
995    ^aกัณชพร
999    ^aใช้งานได้ทุกระบบ
รายการนี้ยังไม่มีแท็ก
คุณยังไม่ได้ล็อกอิน คุณสามารถมีกิจกรรมร่วมกับเว็บไซต์ได้ แต่ต้องล็อกอินก่อน ::
  ล็อกอิน

รายการสื่อสารสนเทศ

ลำดับที่ ประเภท เลขเรียก/บาร์โค้ด สถานที่ สถานะ
1. นวนิยาย
นวนิยาย
นว. s111ว 2551  
  Barcode: 15776
ห้องสมุดวิทยาเขตสวรรค์ประชารักษ์
►นวนิยาย
บนชั้น
  ขอยืม

BibComment


ยังไม่เคยถูกคอมเมนท์

คอมเมนท์ทรัพยากรรายการนี้
  คอมเมนท์: วุ่นรักสายลับสาว..


 Copyright 2026. Bcnsprnw @Library